|
|
|
|
| LEADER |
01497nam a2200433 a 4500 |
| 001 |
000622744 |
| 003 |
CZ BrMZK |
| 005 |
20100812160626.0 |
| 007 |
ta |
| 008 |
020913s2002 xr e f cze d |
| 015 |
|
|
|a cnb001183182
|
| 020 |
|
|
|a 80-7226-752-3
|
| 035 |
|
|
|a (OCoLC)53272893
|
| 040 |
|
|
|a BOA001
|b cze
|
| 072 |
|
7 |
|a 004.9
|x Speciální počítačové metody. Počítačová grafika
|2 Konspekt
|9 23
|
| 080 |
|
|
|a 004.928.031.42
|2 MRF
|
| 080 |
|
|
|a 004.92
|2 MRF
|
| 080 |
|
|
|a 004.42Flash
|2 MRF
|
| 080 |
|
|
|a (035)
|2 MRF
|
| 100 |
1 |
|
|a Sudacki, Lukáš,
|d 1978-
|7 mzk2002150034
|4 aut
|
| 245 |
1 |
0 |
|a Tipy a triky pro Macromedia Flash /
|c Lukáš Sudacki
|
| 250 |
|
|
|a Vyd. 1.
|
| 260 |
|
|
|a Praha :
|b Computer Press,
|c c2002
|
| 300 |
|
|
|a ix, 128 s. :
|b il. ;
|c 21 cm
|
| 490 |
1 |
|
|a Všechny cesty k informacím
|
| 490 |
1 |
|
|a DTP & grafika
|
| 490 |
1 |
|
|a Co ještě nevíte o-
|
| 504 |
|
|
|a Obsahuje rejstřík
|
| 650 |
0 |
7 |
|a interaktivní animace
|7 ph135594
|2 czenas
|
| 650 |
0 |
7 |
|a počítačová grafika
|7 ph124503
|2 czenas
|
| 650 |
0 |
7 |
|a Flash 5
|7 ph135671
|2 czenas
|
| 655 |
|
7 |
|a příručky
|7 fd133209
|2 czenas
|
| 830 |
|
0 |
|a Všechny cesty k informacím
|
| 830 |
|
0 |
|a DTP & grafika
|0 s
|
| 830 |
|
0 |
|a Co ještě nevíte o-
|
| 910 |
|
|
|a BOA001
|b 2-1108.038
|
| 990 |
|
|
|a BK
|
| 996 |
6 |
|
|b 2610171451
|c 2-1108.038
|l MZK
|r Sklad / do 1 hodiny
|n 0
|p p.v.
|w 000622744
|u 000010
|a 1
|e BOA001
|j MZK50
|s P
|
| 996 |
7 |
|
|b 2610172717
|c 2-1108.038
|l MZK
|r Sklad / do 1 hodiny
|n 47
|p kup
|w 000622744
|u 000020
|a 1
|e BOA001
|j MZK50
|s A
|